The war for wealth: (Record no. 16284)

MARC details
000 -LEADER
fixed length control field 01058nam a2200301 a 4500
005 - DATE AND TIME OF LATEST TRANSACTION
control field 20080820131943.0
008 - FIXED-LENGTH DATA ELEMENTS--GENERAL INFORMATION
fixed length control field 060418s2006 caua |s 001 0 eng d
010 ## - LCCN (DPL NO)
LC control number ENG-91154
020 ## - INTERNATIONAL STANDARD BOOK NUMBER
International Standard Book Number 9780070264694
Terms of availability 750.00
020 ## - INTERNATIONAL STANDARD BOOK NUMBER
International Standard Book Number 0070264694
035 ## - SYSTEM CONTROL NUMBER
System control number EN-74687
037 ## - SOURCE OF ACQUISITION
Source of stock number/acquisition DBAD / PUB
040 ## - CATALOGING SOURCE
Original cataloging agency dpl
Language of cataloging English
082 ## - DEWEY DECIMAL CLASSIFICATION NUMBER
Classification number 337
100 ## - MAIN ENTRY--PERSONAL NAME
Personal name Steingart, Gabor
245 ## - TITLE STATEMENT
Title The war for wealth:
Statement of responsibility, etc by Gabor Steingart
Remainder of title the true story of globalization, or why the flat world is broken /
260 ## - PUBLICATION, DISTRIBUTION, ETC. (IMPRINT)
Place of publication, distribution, etc New Delhi
Name of publisher, distributor, etc Tata McGraw-Hill Publishing
Date of publication, distribution, etc 2008
270 ## - ADDRESS
Address 7 West Patel Nagar,
City New Delhi
Postal code 110008
300 ## - PHYSICAL DESCRIPTION
Extent xii, 297p.
Dimensions 23cm (Hb)
500 ## - GENERAL NOTE
General note Includes sources and index.
650 ## - SUBJECT ADDED ENTRY--TOPICAL TERM
Topical term or geographic name as entry element International economic relations.
650 ## - SUBJECT ADDED ENTRY--TOPICAL TERM
Topical term or geographic name as entry element International relations.
650 ## - SUBJECT ADDED ENTRY--TOPICAL TERM
Topical term or geographic name as entry element Globalization.
650 ## - SUBJECT ADDED ENTRY--TOPICAL TERM
Topical term or geographic name as entry element Wealth.
942 ## - ADDED ENTRY ELEMENTS (KOHA)
Source of classification or shelving scheme Dewey Decimal Classification
Item type English Books
Call number suffix STE
Classification part 337
Holdings
Withdrawn status Lost status Source of classification or shelving scheme Damaged status Not for loan Collection code Home library Current library Date acquired Source of acquisition Cost, normal purchase price Total Checkouts Full call number Barcode Date last seen Copy number Cost, replacement price Koha item type
    Dewey Decimal Classification   Not For Loan Non-fiction D.B.Act.Division D.B.Act.Division 06/10/2008 DBAD / PUB 750.00   337 STE EN-74687 06/10/2008 1 750.00 English Books

© Delhi Public Library
Hit Counter
free hit counter